| 000 | 00432pab a2200169 454500 | ||
|---|---|---|---|
| 008 | 180718b2015 xxu||||| |||| 00| 0 eng d | ||
| 100 | _aSahni, Sakshi | ||
| 245 | _aIssues and impacts of megaprojects in India | ||
| 260 | _c2015 | ||
| 300 | _ap.18-33. | ||
| 362 | _aJan- Mar | ||
| 650 | _aProject management - India | ||
| 650 | _aProject management | ||
| 700 | _aAulakh, Rawal Singh | ||
| 773 | _aNagarlok | ||
| 909 | _a110268 | ||
| 999 |
_c110263 _d110263 |
||